000 00519nam a22001817a 4500
005 20250610141803.0
010 _aENG-145254
020 _c300.00
_a9789380151380
035 _aEN-128786
037 _bDBAD
082 _a305.231
100 _aVijaya
_981836
245 0 0 _aFamily Relationships and Loyalties/
_cVijaya
260 _aGoa
_bCinnamonTeal
_c2010
270 _aPolt No 16,Gogal, Housing Board Colony
_bMargao Goa
_e403601
300 _a208p.
_c22cm(pb)
942 _2ddc
_cEN
_mVIJ
_h305.231
999 _c211697
_d211697